Defending the digital frontier: Practical securtity for management

সংরক্ষণ করুন:
গ্রন্থ-পঞ্জীর বিবরন
প্রধান লেখক:  Babiak, Jan
বিন্যাস: Sách
ভাষা:Undetermined
প্রকাশিত:  John Wiley & Sons, Inc.  2005
বিষয়গুলি:
ট্যাগগুলো: ট্যাগ যুক্ত করুন
কোনো ট্যাগ নেই, প্রথমজন হিসাবে ট্যাগ করুন!
Thư viện lưu trữ: Trung tâm Thư viện - Trường Đại học Công nghiệp TP. Hồ Chí Minh
LEADER 00520nam a2200157Ia 4500
001 UIH_04532
008 231011s9999 xx 000 0 und d
082 |a  004.16 
100 |a  Babiak, Jan 
245 0 |a  Defending the digital frontier: Practical securtity for management 
245 0 |c  Babiak, Jan 
260 |b  John Wiley & Sons, Inc. 
260 |c  2005 
650 |a  Dữ liệu máy tính;  
927 |a Sách 
980 |a Trung tâm Thư viện - Trường Đại học Công nghiệp TP. Hồ Chí Minh